000 00493nam a2200193Ia 4500
005 20240823035656.0
008 240823s9999||||xx |||||||||||||| ||und||
020 _a0-632-02507-7
041 _aENGLISH
082 _A624.1821 N4
100 _aJohnson R P
245 0 _aComposite Structures of Steel and Concrete Vol 1
250 _a2nd
260 _c1994
_bBlackwell Scientific Publica
500 _aTRANSFERED
650 _aSteel and Concrete
_bCivil
942 _cBK
999 _c201249
_d201249